Vật lý điện Bài giảng: Dùng cho lớp CĐ công nghệ kỹ thuật điện k50
v.v...
Đã lưu trong:
| Tác giả chính: | |
|---|---|
| Định dạng: | Sách |
| Năm xuất bản: |
Quảng Bình
Đại học Quảng Bình
2008
|
| Chủ đề: | |
| Tags: |
Thêm thẻ
Không có thẻ, Hãy là người đầu tiên gắn thẻ bản ghi này!
|
| LEADER | 00634nam a2200169 4500 | ||
|---|---|---|---|
| 999 | |c 14162 |d 14162 | ||
| 082 | |a 621.3 |b CH124NG | ||
| 100 | |a Châu Ngọc Ánh | ||
| 245 | |a Vật lý điện |b Bài giảng: Dùng cho lớp CĐ công nghệ kỹ thuật điện k50 |c Châu Ngọc Ánh | ||
| 260 | |a Quảng Bình |b Đại học Quảng Bình |c 2008 | ||
| 300 | |a 93tr. |c 30cm. | ||
| 520 | |a v.v... | ||
| 653 | |a Kỹ thuật | ||
| 653 | |a Kỹ thuật điện | ||
| 653 | |a Bài giảng | ||
| 942 | |2 ddc |c TC | ||
| 952 | |0 0 |1 0 |2 ddc |4 0 |6 621_300000000000000_CH124NG |7 0 |8 600 |9 111101 |a qbu |b qbu |c D1 |d 2017-07-03 |o 621.3 CH124NG |p BG100.c1 |r 2017-07-03 |w 2017-07-03 |y TC | ||